<?xml version="1.0" encoding="UTF-8"?>
<marc:record xmlns:marc="http://www.loc.gov/MARC21/slim">
   <marc:leader>00000nam a2200000 a 4500</marc:leader>
   <marc:datafield ind1="1" ind2=" " tag="100">
      <marc:subfield code="a">Berger, Lutz</marc:subfield>
      <marc:subfield code="4">aut</marc:subfield>
      <marc:subfield code="e">Verfasser/-in</marc:subfield>
   </marc:datafield>
   <marc:datafield ind1=" " ind2=" " tag="653">
      <marc:subfield code="a">Islam</marc:subfield>
   </marc:datafield>
   <marc:datafield ind1="0" ind2="0" tag="245">
      <marc:subfield code="a">Die Entstehung des Islam</marc:subfield>
   </marc:datafield>
   <marc:datafield ind1="0" ind2="0" tag="245">
      <marc:subfield code="b">die ersten hundert Jahre ; Von Mohammed bis zum Weltreich der Kalifen</marc:subfield>
   </marc:datafield>
   <marc:datafield ind1="0" ind2="0" tag="245">
      <marc:subfield code="c">Lutz Berger</marc:subfield>
   </marc:datafield>
   <marc:datafield ind1=" " ind2="1" tag="264">
      <marc:subfield code="a">München</marc:subfield>
      <marc:subfield code="b">C.H. Beck</marc:subfield>
      <marc:subfield code="c">2016</marc:subfield>
   </marc:datafield>
   <marc:datafield ind1="1" ind2=" " tag="520">
      <marc:subfield code="a">Quelle: bn.bibliotheksnachrichten (http://www.biblio.at/literatur/bn/index.html); &lt;br/&gt;Autor: Hanns Sauter; &lt;br/&gt;Ursachen und Gründe für den Siegeszug des Islam im 7. Jh. (PR)&lt;br/&gt;Über das plötzliche Auftauchen des Islam im 7. Jh. ist viel gemutmaßt worden. Zugegebenermaßen ist das Entstehen einer Religion historisch schwer zu fassen. Zeitgenössische Schriften gibt es kaum, spätere idealisieren oder interpretieren zumeist aus ihrem Blickwinkel, auch ist sie nicht losgelöst von der Geschichte ihrer Zeit zu verstehen. Im vorliegenden Fall beginnt der Autor mit seiner Darstellung schon im 3. Jh., in dem sich bereits Veränderungen in der spätantiken Welt abzeichneten, die dem späteren Siegeszug des Islam den Boden bereiteten. Die damals dominierenden Reiche der Römer und der Sassaniden rieben sich gegenseitig auf, Steuerbelastungen, Seuchen, Kriege und die daraus resultierende dramatische wirtschaftliche Situation begünstigten ein einheitliches Auftreten der arabischen Stämme gegen diese Mächte. Für sie war überdies ein Vorteil, dass sie in ihrer Struktur unverändert bleiben konnten, durch die neue Religion aber eine einheitliche Ideologie besaßen, die sie von beiden Reichen absetzte. Die Großmächte, die wirtschaftlich am Ende und innerlich zerrissen waren, konnten diesen Tendenzen auf Dauer nichts entgegensetzen.&lt;br/&gt;Die LeserInnen werden mit viel Zeitgeschichte, Klärung von Zusammenhängen und Darstellung von Hintergrundwissen befasst, das mehr als die üblicherweise vorhandenen Kenntnisse voraussetzt. Bei aller Brillanz in der Sprache, aller Ausgewogenheit in der Darstellung, aller Fähigkeit, aus einer schwierigen Quellenlage richtige Schlüsse zu ziehen, weniger für die durchschnittliche Öffentliche Bücherei, sondern eher für Bibliotheken mit ausgebauten Beständen geeignet.</marc:subfield>
   </marc:datafield>
   <marc:datafield ind1=" " ind2=" " tag="020">
      <marc:subfield code="a">9783406696930</marc:subfield>
      <marc:subfield code="9">9783406696930</marc:subfield>
   </marc:datafield>
   <marc:datafield ind1=" " ind2=" " tag="041">
      <marc:subfield code="a">ger</marc:subfield>
   </marc:datafield>
   <marc:datafield ind1=" " ind2=" " tag="300">
      <marc:subfield code="b">Ill., Kt.</marc:subfield>
   </marc:datafield>
   <marc:datafield ind1="1" ind2=" " tag="521">
      <marc:subfield code="a">0</marc:subfield>
   </marc:datafield>
   <marc:datafield ind1=" " ind2=" " tag="300">
      <marc:subfield code="a">334 S.</marc:subfield>
   </marc:datafield>
</marc:record>
